| 000 | 00820cam a22002777a 4500 | ||
|---|---|---|---|
| 003 | CHAP | ||
| 005 | 20220329134927.0 | ||
| 008 | 971013c19741969 r 00010 d | ||
| 010 | _a28187 | ||
| 011 | _a29159 | ||
| 035 | _a33270 | ||
| 040 | _cCHAP | ||
| 082 |
_a658.3 _bM33Y |
||
| 100 | 0 | 0 |
_aMcGregor, Douglas. _973574 |
| 245 | 1 | 3 | _aEl aspecto humano de las empresas |
| 260 |
_aMéxico, D.F. : _bDiana, _c1974 (1969) |
||
| 300 | _a237 P | ||
| 590 |
_aBATCH-UPD _b10 _c20130110 _lUCH01 _h2057 |
||
| 590 |
_aBATCH-UPD _b10 _c20130410 _lUCH01 _h1410 |
||
| 590 |
_aBATCH-UPD _b10 _c20130914 _lUCH01 _h1908 |
||
| 590 |
_aCONVERSION _b10 _c20130109 _lUCH01 _h1316 |
||
| 650 | 1 | 4 |
_aPersonal _xAdministración de. _987325 |
| 901 | _aBK | ||
| 942 | _cLIBRO | ||
| 949 |
_a658.3 M33Y _bBC _cLIBRO _d-77380 _eLIBRO _h26335 _i33270 _si _t60.00 |
||
| 999 |
_c28187 _d28187 |
||